Statistics for General Knowledge Quiz #48

Click here to take the quiz!

General Stats

  • This quiz has been taken 51,752 times
    (20,845 since last reset)
  • The average score is 12 of 20

Answer Stats

Question Answer % Correct
What usually has three leaves, but in about 1/5000 cases has four or more?Clover
90%
What fictional character had a mysterious lighting bolt scar on his forehead
from when he was a baby?
Harry Potter
86%
What is the only substance that can harm Superman?Kryptonite
85%
What type of nut is used to make Nutella?Hazelnuts
79%
What American swimmer won eight gold medals at the 2008 Olympics?Michael Phelps
79%
What do the"casa grande" mean in English?Big House
79%
From where can you check out anytime you like, but never leave?The Hotel California
67%
What is the only form of birth control permitted by the Catholic church?Abstinence
64%
What scientist sailed on the HMS Beagle?Charles Darwin
63%
What are the first five digits of pi?3.1415
62%
In what country is it customary, although rare, to break plates during celebrations?Greece
61%
What is the former English name of Beijing?Peking
60%
What dinosaur does Mario sometimes ride?Yoshi
56%
What is the capital of Bangladesh?Dhaka
45%
What group sings "Love Shack" and "Rock Lobster"?The B-52s
43%
What is the second most-populous city in New York state?Buffalo
41%
In Hawaii, what does mahalo mean?Thank You
35%
On what river's left bank would you find the famous "Left Bank"?Seine
33%
Who wrote "A Farewell to Arms"?Ernest Hemingway
33%
What word means "to drink" and is a homophone of the word coif?Quaff
27%

Score Distribution

Percentile by Number Answered

Percent of People with Each Score

Your Score History

You have not taken this quiz since the last reset